| 000 | 01256cam a2200337 a 4500 | ||
|---|---|---|---|
| 999 |
_c727 _d727 |
||
| 001 | (Sirsi) a713792 | ||
| 003 | OSt | ||
| 005 | 20191205153718.0 | ||
| 008 | 110901t20092008nyua c 000 1 eng d | ||
| 020 | _a9780316113687 (pbk.) : | ||
| 020 | _a0316113689 (pbk.) : | ||
| 040 |
_aCHA _beng _cTAE |
||
| 042 | _anbic | ||
| 082 | _aFIC BOS | ||
| 100 | 1 |
_aBosch, Pseudonymous. _eauthor |
|
| 245 | 1 | 0 |
_aIf you're reading this, it's too late / _cPseudonymous Bosch ; illustrations by Gilbert Ford. |
| 246 | 3 | _aIf you are reading this, it is too late. | |
| 250 | _a1st pbk. ed. | ||
| 260 |
_aNew York : _bLittle, Brown, _c2009, c2008. |
||
| 300 |
_a385 p. : _bill. ; _c20 cm. |
||
| 490 | 1 |
_aSecret series ; _vbk. 2. |
|
| 500 | _aSequel to: The name of this book is secret. | ||
| 520 | _aCass and Max-Ernest discover the Museum of Magic, unscramble more coded messages, and solve new mysteries in their attempt to thwart the Terces Society's ambitions of discovering immortality. | ||
| 521 | 1 | _a9-12. | |
| 650 | 0 |
_aMagic tricks _vJuvenile fiction. |
|
| 650 | 0 | _aAdventure stories. | |
| 650 | 0 |
_aImmortality _vJuvenile fiction. |
|
| 700 | 1 |
_aFord, Gilbert, _eillustrator |
|
| 800 |
_aBosch, Pseudonymous. _tSecret series ; _vbk. 2. |
||
| 942 |
_2ddc _cFIC |
||